[Event "V. Dvorkovich Cup 2015 juniors"]
[Site "Moscow"]
[Date "2015.06.24"]
[Round "2.11"]
[White "Elistratov RUS, Semen"]
[Black "Golubeva LAT, Marija"]
[Result "1-0"]
[LiveChessVersion "1.4.4"]
[BlackElo "1775"]
[WhiteElo "2311"]

1. e4 {[%clk 1:30:58]} c5 {[%clk 1:30:54]} 2. Nf3 {[%clk 1:31:22]} Nc6
{[%clk 1:31:18]} 3. Nc3 {[%clk 1:31:47]} g6 {[%clk 1:31:39]} 4. d4
{[%clk 1:32:04]} cxd4 {[%clk 1:31:57]} 5. Nxd4 {[%clk 1:32:31]} Bg7
{[%clk 1:32:18]} 6. Be3 {[%clk 1:32:44]} Nf6 {[%clk 1:32:05]} 7. Bc4
{[%clk 1:32:59]} O-O {[%clk 1:28:43]} 8. Bb3 {[%clk 1:32:41]} b6 {[%clk 1:25:48]}
9. f3 {[%clk 1:26:50]} Na5 {[%clk 1:21:33]} 10. e5 {[%clk 1:20:47]} Nxb3
{[%clk 1:17:52]} 11. axb3 {[%clk 1:19:32]} Ne8 {[%clk 1:16:47]} 12. Nc6
{[%clk 1:13:41]} Qc7 {[%clk 1:17:05]} 13. Nd5 {[%clk 1:11:19]} Qb7
{[%clk 1:16:05]} 14. Ncxe7+ {[%clk 1:04:17]} Kh8 {[%clk 1:16:28]} 15. h4
{[%clk 1:01:03]} Bxe5 {[%clk 1:08:30]} 16. h5 {[%clk 0:59:17]} Bg3+
{[%clk 0:51:02]} 17. Kf1 {[%clk 0:58:20]} gxh5 {[%clk 0:47:49]} 18. Rxh5
{[%clk 0:57:54]} Ng7 {[%clk 0:46:06]} 19. Rxh7+ {[%clk 0:56:36]} Kxh7
{[%clk 0:46:23]} 20. Nf6+ {[%clk 0:57:00]} Kh8 {[%clk 0:46:41]} 21. Qd3
{[%clk 0:57:21]} Nf5 {[%clk 0:45:42]} 22. Qxf5 {[%clk 0:57:36]} Qa6+
{[%clk 0:46:08]} 23. Rxa6 {[%clk 0:57:59]} Bxa6+ {[%clk 0:46:35]} 24. Kg1
{[%clk 0:58:13]} 1-0

[Event "V. Dvorkovich Cup 2015 juniors"]
[Site "Moscow"]
[Date "2015.06.24"]
[Round "2.12"]
[White "Limanovska LAT, Elizabete"]
[Black "Dordzhieva RUS, Dinara"]
[Result "1/2-1/2"]
[LiveChessVersion "1.4.4"]
[BlackElo "2263"]
[WhiteElo "1978"]

1. e4 {[%clk 1:30:58]} c5 {[%clk 1:30:53]} 2. Nf3 {[%clk 1:31:25]} d6
{[%clk 1:31:19]} 3. d4 {[%clk 1:31:51]} cxd4 {[%clk 1:31:45]} 4. Nxd4
{[%clk 1:32:18]} Nf6 {[%clk 1:32:11]} 5. Nc3 {[%clk 1:32:40]} a6 {[%clk 1:32:37]}
6. Be3 {[%clk 1:32:54]} g6 {[%clk 1:33:02]} 7. f3 {[%clk 1:32:46]} Bg7
{[%clk 1:33:28]} 8. Qd2 {[%clk 1:33:10]} h5 {[%clk 1:33:51]} 9. Bc4
{[%clk 1:31:19]} Nbd7 {[%clk 1:33:33]} 10. O-O {[%clk 1:27:40]} O-O
{[%clk 1:30:03]} 11. Kh1 {[%clk 1:26:17]} b5 {[%clk 1:30:04]} 12. Bb3
{[%clk 1:21:39]} Ne5 {[%clk 1:23:36]} 13. Bh6 {[%clk 1:15:16]} Bxh6
{[%clk 0:53:34]} 14. Qxh6 {[%clk 1:15:24]} e6 {[%clk 0:53:50]} 15. Qd2
{[%clk 1:03:23]} Qc7 {[%clk 0:42:57]} 16. a4 bxa4 {[%clk 0:37:08]} 17. Nxa4
{[%clk 0:53:03]} Kg7 {[%clk 0:30:47]} 18. Qc3 {[%clk 0:37:49]} Qxc3
{[%clk 0:28:02]} 19. Nxc3 {[%clk 0:38:18]} Bb7 {[%clk 0:27:35]} 20. Rae1
{[%clk 0:37:37]} Rfc8 {[%clk 0:26:56]} 21. Re2 {[%clk 0:32:18]} Nc4
{[%clk 0:25:49]} 22. Bxc4 {[%clk 0:31:08]} Rxc4 {[%clk 0:26:15]} 23. Rd2
{[%clk 0:28:33]} Ne8 {[%clk 0:23:46]} 24. Ra1 {[%clk 0:24:52]} a5 25. Na4 e5
{[%clk 0:14:32]} 26. Nb5 {[%clk 0:19:56]} Ra6 {[%clk 0:13:50]} 27. b3
{[%clk 0:19:12]} Rb4 {[%clk 0:12:13]} 28. Nbc3 {[%clk 0:16:42]} Bc6
{[%clk 0:07:45]} 29. Nd5 {[%clk 0:16:43]} Rb7 {[%clk 0:07:48]} 30. Nac3
{[%clk 0:14:31]} f5 {[%clk 0:07:25]} 31. Kg1 {[%clk 0:12:49]} Bd7
{[%clk 0:06:15]} 32. Kf2 {[%clk 0:10:26]} Kf7 {[%clk 0:06:06]} 33. g3
{[%clk 0:09:24]} Ng7 {[%clk 0:05:59]} 34. Ne3 {[%clk 0:07:17]} Ke6
{[%clk 0:04:04]} 35. Nc4 {[%clk 0:06:23]} Rba7 {[%clk 0:02:26]} 36. Rd5
{[%clk 0:05:32]} 1/2-1/2

[Event "V. Dvorkovich Cup 2015 juniors"]
[Site "Moscow"]
[Date "2015.06.24"]
[Round "2.13"]
[White "Pranavananda IND, V"]
[Black "Oparin Dv.PRL, Grigoriy"]
[Result "1/2-1/2"]
[LiveChessVersion "1.4.4"]
[BlackElo "2571"]
[WhiteElo "2246"]

1. d4 {[%clk 1:29:46]} Nf6 {[%clk 1:30:54]} 2. Nf3 {[%clk 1:29:41]} e6
{[%clk 1:30:18]} 3. c4 {[%clk 1:29:10]} Bb4+ {[%clk 1:25:25]} 4. Bd2
{[%clk 1:28:43]} a5 {[%clk 1:25:28]} 5. g3 {[%clk 1:25:26]} d6 {[%clk 1:24:45]}
6. Bg2 {[%clk 1:25:45]} Nbd7 {[%clk 1:24:20]} 7. Nc3 {[%clk 1:17:41]} e5
{[%clk 1:23:32]} 8. a3 {[%clk 1:12:53]} Bxc3 {[%clk 1:23:47]} 9. Bxc3
{[%clk 1:13:20]} Ne4 {[%clk 1:23:45]} 10. Qd3 {[%clk 1:05:24]} Nxc3
{[%clk 1:24:03]} 11. Qxc3 {[%clk 1:05:44]} Qe7 {[%clk 1:16:38]} 12. O-O
{[%clk 1:01:46]} a4 {[%clk 1:14:42]} 13. c5 {[%clk 1:00:22]} dxc5
{[%clk 1:12:13]} 14. dxc5 {[%clk 0:56:14]} Nxc5 {[%clk 1:05:10]} 15. Nxe5
{[%clk 0:56:31]} O-O {[%clk 0:54:07]} 16. Rac1 {[%clk 0:56:19]} Ne6
{[%clk 0:54:25]} 17. f4 {[%clk 0:56:14]} Re8 {[%clk 0:48:11]} 18. f5
{[%clk 0:47:41]} Ng5 {[%clk 0:40:14]} 19. Ng4 {[%clk 0:25:37]} h5
{[%clk 0:34:21]} 20. f6 {[%clk 0:22:20]} Qe6 {[%clk 0:33:44]} 21. Nf2
{[%clk 0:22:08]} Qxf6 {[%clk 0:34:08]} 22. Qxf6 {[%clk 0:15:36]} gxf6
{[%clk 0:34:31]} 23. h4 {[%clk 0:13:54]} Nh7 {[%clk 0:31:54]} 24. Rxc7
{[%clk 0:13:32]} Rxe2 {[%clk 0:31:36]} 25. Rd1 {[%clk 0:04:39]} Be6
{[%clk 0:28:58]} 26. Rxb7 {[%clk 0:05:06]} Rc8 {[%clk 0:25:51]} 27. Bd5
{[%clk 0:03:18]} Bxd5 {[%clk 0:11:44]} 28. Rxd5 {[%clk 0:03:46]} Rc1+
{[%clk 0:12:08]} 29. Kg2 {[%clk 0:04:13]} Rcc2 {[%clk 0:12:34]} 30. Rf5
{[%clk 0:04:36]} Rxb2 {[%clk 0:12:55]} 31. Rxb2 {[%clk 0:04:32]} Rxb2
{[%clk 0:13:20]} 32. Rf4 {[%clk 0:04:50]} f5 {[%clk 0:13:43]} 33. Rxa4
{[%clk 0:01:39]} Nf6 {[%clk 0:14:01]} 34. Kg1 {[%clk 0:00:42]} Kg7
{[%clk 0:11:00]} 35. Ra5 {[%clk 0:00:48]} Rb3 {[%clk 0:09:54]} 1/2-1/2

[Event "V. Dvorkovich Cup 2015 juniors"]
[Site "Moscow"]
[Date "2015.06.24"]
[Round "2.14"]
[White "Antipov Dv.PRL, Mikhail Al."]
[Black "Baivab IND, Mishra"]
[Result "1-0"]
[LiveChessVersion "1.4.4"]
[BlackElo "2057"]
[WhiteElo "2523"]

1. e4 {[%clk 1:30:58]} g6 {[%clk 1:30:43]} 2. d4 {[%clk 1:31:21]} Bg7
{[%clk 1:31:08]} 3. Nc3 {[%clk 1:31:45]} c6 {[%clk 1:28:08]} 4. Nf3
{[%clk 1:27:20]} d5 {[%clk 1:28:28]} 5. e5 {[%clk 1:27:44]} Nh6 {[%clk 1:28:15]}
6. h3 {[%clk 1:27:47]} O-O {[%clk 1:28:39]} 7. Be2 {[%clk 1:25:37]} f6
{[%clk 1:28:59]} 8. O-O {[%clk 1:23:11]} Nf7 {[%clk 1:28:59]} 9. Bf4
{[%clk 1:19:22]} fxe5 {[%clk 1:27:38]} 10. dxe5 {[%clk 1:19:35]} Qb6
{[%clk 1:17:49]} 11. Rb1 {[%clk 1:01:28]} a5 {[%clk 1:04:41]} 12. Re1
{[%clk 0:59:55]} e6 {[%clk 1:00:25]} 13. Bf1 {[%clk 0:49:56]} a4 {[%clk 0:58:20]}
14. Qd2 {[%clk 0:47:09]} c5 {[%clk 0:51:36]} 15. Nb5 {[%clk 0:45:07]} Bd7
{[%clk 0:45:40]} 16. Nd6 {[%clk 0:43:52]} Nc6 {[%clk 0:44:56]} 17. Nxf7
{[%clk 0:35:51]} Rxf7 {[%clk 0:45:24]} 18. c4 {[%clk 0:36:02]} Raf8
{[%clk 0:35:36]} 19. g3 {[%clk 0:30:34]} d4 {[%clk 0:27:47]} 20. h4
{[%clk 0:21:30]} Qa5 {[%clk 0:12:53]} 21. Qxa5 {[%clk 0:15:02]} Nxa5
{[%clk 0:13:12]} 22. Ng5 {[%clk 0:15:21]} Rf5 {[%clk 0:00:49]} 23. Bd2
{[%clk 0:12:42]} Nc6 {[%clk 0:00:36]} 24. f4 {[%clk 0:13:04]} h6 {[%clk 0:00:46]}
25. Ne4 {[%clk 0:13:18]} b6 {[%clk 0:00:50]} 26. Nd6 {[%clk 0:13:21]} h5
{[%clk 0:00:37]} 27. Nxf5 {[%clk 0:11:44]} gxf5 {[%clk 0:01:04]} 28. Be2
{[%clk 0:12:01]} Be8 {[%clk 0:01:20]} 29. b3 {[%clk 0:11:45]} d3 {[%clk 0:00:37]}
30. Bxd3 {[%clk 0:11:58]} axb3 {[%clk 0:00:35]} 31. axb3 {[%clk 0:12:23]} Rf7
{[%clk 0:00:49]} 32. Bc3 {[%clk 0:12:31]} Bf8 {[%clk 0:00:45]} 33. Be2
{[%clk 0:12:36]} Rg7 {[%clk 0:00:46]} 34. Kf2 {[%clk 0:12:41]} Be7
{[%clk 0:00:50]} 35. Red1 {[%clk 0:12:53]} Kf8 {[%clk 0:00:35]} 36. Bf3
{[%clk 0:13:14]} Nd4 {[%clk 0:00:33]} 37. Bxd4 {[%clk 0:13:21]} cxd4
{[%clk 0:01:01]} 38. b4 {[%clk 0:13:44]} 1-0

[Event "V. Dvorkovich Cup 2015 juniors"]
[Site "Moscow"]
[Date "2015.06.24"]
[Round "2.15"]
[White "Yogit IND, S"]
[Black "Golubov Dv.PRL, Saveliy"]
[Result "1/2-1/2"]
[LiveChessVersion "1.4.4"]
[BlackElo "2433"]
[WhiteElo "1951"]

1. e4 {[%clk 1:30:57]} c5 {[%clk 1:30:52]} 2. Nf3 {[%clk 1:31:22]} e6
{[%clk 1:31:14]} 3. d4 {[%clk 1:31:47]} cxd4 {[%clk 1:31:38]} 4. Nxd4
{[%clk 1:32:11]} a6 {[%clk 1:32:00]} 5. Nc3 {[%clk 1:32:34]} b5 {[%clk 1:32:23]}
6. Bd3 {[%clk 1:32:30]} Qb6 {[%clk 1:30:34]} 7. Be3 {[%clk 1:32:07]} Bc5
{[%clk 1:29:02]} 8. Be2 {[%clk 1:25:41]} Nc6 {[%clk 1:21:53]} 9. Nxc6
{[%clk 1:23:46]} dxc6 {[%clk 1:21:34]} 10. Bxc5 {[%clk 1:22:34]} Qxc5
{[%clk 1:22:02]} 11. Qd3 {[%clk 1:15:36]} Nf6 {[%clk 1:18:53]} 12. O-O-O
{[%clk 0:58:20]} O-O {[%clk 1:18:29]} 13. f4 {[%clk 0:57:03]} e5 {[%clk 1:17:05]}
14. f5 {[%clk 0:55:21]} Ra7 {[%clk 0:53:29]} 15. g4 {[%clk 0:44:58]} Rd7
{[%clk 0:53:04]} 16. Qf3 {[%clk 0:44:23]} Rfd8 {[%clk 0:52:21]} 17. g5
{[%clk 0:41:18]} Rxd1+ {[%clk 0:52:23]} 18. Nxd1 {[%clk 0:40:56]} Ne8
{[%clk 0:51:34]} 19. Nf2 {[%clk 0:34:58]} Qe7 {[%clk 0:50:09]} 20. h4
{[%clk 0:32:46]} c5 {[%clk 0:49:56]} 21. Ng4 {[%clk 0:31:23]} Nd6
{[%clk 0:41:05]} 22. f6 {[%clk 0:23:32]} Qe6 {[%clk 0:40:22]} 23. fxg7
{[%clk 0:21:10]} Qxg4 {[%clk 0:40:15]} 24. Qxg4 {[%clk 0:21:34]} Bxg4
{[%clk 0:40:38]} 25. Bxg4 {[%clk 0:21:59]} Nxe4 {[%clk 0:40:57]} 26. Re1
{[%clk 0:19:57]} Nf2 {[%clk 0:36:43]} 27. Bf5 {[%clk 0:19:31]} e4
{[%clk 0:37:05]} 28. Bxe4 {[%clk 0:18:47]} Kxg7 {[%clk 0:37:25]} 29. Bf3
{[%clk 0:17:08]} Rd4 {[%clk 0:32:02]} 30. Re5 {[%clk 0:12:01]} c4
{[%clk 0:26:03]} 31. h5 {[%clk 0:10:15]} Rf4 {[%clk 0:16:27]} 32. Bb7
{[%clk 0:08:14]} b4 {[%clk 0:16:55]} 33. Bxa6 {[%clk 0:06:39]} Rd4
{[%clk 0:16:11]} 34. Re1 {[%clk 0:06:23]} c3 {[%clk 0:15:00]} 35. bxc3
{[%clk 0:05:41]} bxc3 {[%clk 0:15:29]} 36. Rf1 {[%clk 0:05:19]} Ne4
{[%clk 0:10:15]} 37. h6+ {[%clk 0:01:38]} Kg6 {[%clk 0:08:21]} 38. Bd3
{[%clk 0:01:38]} Kxg5 {[%clk 0:08:36]} 39. Rxf7 {[%clk 0:01:32]} Nf6
{[%clk 0:08:02]} 40. Rc7 {[%clk 0:31:30]} Ra4 {[%clk 0:37:11]} 41. Kb1
{[%clk 0:29:46]} Kxh6 {[%clk 0:31:51]} 42. Rxc3 {[%clk 0:30:08]} Nd5
{[%clk 0:30:03]} 43. Rc5 {[%clk 0:30:00]} Ne3 {[%clk 0:27:33]} 44. Rc7
{[%clk 0:29:33]} Nd5 {[%clk 0:27:42]} 45. Rxh7+ {[%clk 0:29:16]} Kg5
{[%clk 0:28:11]} 46. Kb2 {[%clk 0:26:31]} Rb4+ {[%clk 0:28:15]} 47. Ka3
{[%clk 0:25:20]} Rb8 {[%clk 0:28:12]} 48. Bc4 {[%clk 0:24:36]} Ne3
{[%clk 0:28:39]} 49. Bb3 {[%clk 0:24:32]} Kf4 {[%clk 0:28:50]} 50. Re7
{[%clk 0:24:23]} Nf5 {[%clk 0:28:30]} 51. Rd7 {[%clk 0:23:09]} Ke5
{[%clk 0:27:50]} 52. c4 {[%clk 0:22:34]} Nd6 {[%clk 0:27:37]} 53. c5
{[%clk 0:22:12]} Nb5+ {[%clk 0:28:05]} 54. Kb4 {[%clk 0:21:15]} Nd6+
{[%clk 0:28:18]} 55. Kc3 {[%clk 0:20:50]} Rc8 {[%clk 0:28:47]} 56. Re7+
{[%clk 0:20:31]} Kf4 {[%clk 0:29:16]} 57. Kb4 {[%clk 0:20:10]} Ne4
{[%clk 0:27:11]} 58. c6 {[%clk 0:18:44]} Rxc6 {[%clk 0:27:17]} 59. Bd5
{[%clk 0:18:45]} Rb6+ {[%clk 0:27:46]} 60. Ka5 {[%clk 0:18:29]} Nf6
{[%clk 0:28:15]} 61. Re6 {[%clk 0:18:08]} Rxe6 {[%clk 0:28:13]} 62. Bxe6
{[%clk 0:18:36]} Ke5 {[%clk 0:28:35]} 63. Bf7 {[%clk 0:18:00]} Kd6
{[%clk 0:29:00]} 64. Kb6 {[%clk 0:18:16]} Nd7+ {[%clk 0:29:26]} 65. Kb5
{[%clk 0:18:14]} Ke5 1/2-1/2

[Event "V. Dvorkovich Cup 2015 juniors"]
[Site "Moscow"]
[Date "2015.06.24"]
[Round "2.16"]
[White "Paramzina Dv.PRL, Anastasya"]
[Black "Varshini IND, V"]
[Result "1-0"]
[LiveChessVersion "1.4.4"]
[BlackElo "2126"]
[WhiteElo "2328"]

1. e4 {[%clk 1:30:59]} c5 {[%clk 1:30:45]} 2. Nf3 {[%clk 1:31:25]} d6
{[%clk 1:31:11]} 3. d4 {[%clk 1:31:50]} cxd4 {[%clk 1:31:37]} 4. Nxd4
{[%clk 1:32:17]} Nf6 {[%clk 1:32:00]} 5. Nc3 {[%clk 1:32:43]} a6 {[%clk 1:32:25]}
6. h3 {[%clk 1:32:57]} e6 {[%clk 1:32:13]} 7. g4 {[%clk 1:32:32]} d5
{[%clk 1:27:07]} 8. Bg2 {[%clk 1:16:43]} Nxe4 {[%clk 1:17:04]} 9. Nxe4
{[%clk 1:16:35]} dxe4 {[%clk 1:17:33]} 10. Bxe4 {[%clk 1:06:26]} e5
{[%clk 1:16:30]} 11. Nf5 {[%clk 1:06:04]} Qxd1+ {[%clk 1:15:07]} 12. Kxd1
{[%clk 1:06:29]} Nc6 {[%clk 1:10:10]} 13. Re1 {[%clk 1:04:14]} f6
{[%clk 1:00:32]} 14. f4 {[%clk 1:03:17]} Bxf5 {[%clk 0:44:50]} 15. Bxf5
{[%clk 0:57:23]} g6 {[%clk 0:40:49]} 16. Bd3 {[%clk 0:50:18]} O-O-O
{[%clk 0:38:18]} 17. a3 {[%clk 0:49:36]} Bd6 {[%clk 0:32:04]} 18. f5
{[%clk 0:48:33]} gxf5 {[%clk 0:29:21]} 19. Bxf5+ {[%clk 0:37:44]} Kc7
{[%clk 0:29:44]} 20. Bd2 {[%clk 0:37:36]} Nd4 {[%clk 0:20:49]} 21. Rf1
{[%clk 0:36:49]} Be7 {[%clk 0:17:22]} 22. Ke1 {[%clk 0:23:11]} h5
{[%clk 0:16:06]} 23. Be3 {[%clk 0:19:21]} hxg4 {[%clk 0:09:53]} 24. Bxd4
{[%clk 0:19:28]} Rxd4 {[%clk 0:09:04]} 25. c3 {[%clk 0:18:58]} Rd6
{[%clk 0:04:02]} 26. Bxg4 {[%clk 0:18:53]} Rb6 {[%clk 0:01:51]} 27. Rd1
{[%clk 0:17:53]} Rd8 {[%clk 0:01:48]} 28. Rxd8 {[%clk 0:18:08]} Kxd8
{[%clk 0:01:21]} 29. b4 {[%clk 0:18:13]} Rd6 {[%clk 0:01:22]} 30. Bf5
{[%clk 0:17:39]} Bf8 {[%clk 0:01:09]} 31. Rg1 {[%clk 0:13:36]} Bh6
{[%clk 0:01:18]} 32. Rg8+ {[%clk 0:13:38]} Kc7 {[%clk 0:01:14]} 33. Rh8
{[%clk 0:13:29]} Bd2+ {[%clk 0:01:07]} 34. Ke2 {[%clk 0:13:52]} Bf4
{[%clk 0:00:57]} 35. c4 {[%clk 0:13:09]} Rd2+ {[%clk 0:01:06]} 36. Kf3
{[%clk 0:13:24]} b6 {[%clk 0:00:48]} 37. Rh7+ {[%clk 0:12:29]} Kb8
{[%clk 0:00:49]} 38. h4 {[%clk 0:10:20]} Ra2 {[%clk 0:00:45]} 39. h5
{[%clk 0:10:37]} Rxa3+ {[%clk 0:00:38]} 40. Ke4 {[%clk 0:41:00]} Ra4
{[%clk 0:30:36]} 41. h6 {[%clk 0:41:06]} Bxh6 {[%clk 0:22:18]} 42. Rxh6
{[%clk 0:40:59]} Rxb4 {[%clk 0:18:56]} 43. Kd5 {[%clk 0:41:15]} a5
{[%clk 0:14:30]} 44. Be6 {[%clk 0:34:39]} a4 {[%clk 0:10:43]} 45. Kd6
{[%clk 0:32:21]} b5 {[%clk 0:05:39]} 46. Rh8+ {[%clk 0:24:58]} Ka7
{[%clk 0:06:03]} 47. Rh7+ {[%clk 0:25:24]} Ka6 {[%clk 0:04:56]} 48. Bc8+
{[%clk 0:25:44]} Ka5 {[%clk 0:05:10]} 49. Ra7+ {[%clk 0:26:10]} Kb6
{[%clk 0:05:35]} 50. Ra6# {[%clk 0:26:33]} 1-0

[Event "V. Dvorkovich Cup 2015 juniors"]
[Site "Moscow"]
[Date "2015.06.25"]
[Round "3.1"]
[White "Oparin Dv.PRL, Grigoriy"]
[Black "Sibashvili GEO, Giorgi"]
[Result "1-0"]
[LiveChessVersion "1.4.4"]
[BlackElo "2388"]
[WhiteElo "2571"]

1. d4 {[%clk 1:30:55]} d5 {[%clk 1:30:36]} 2. c4 {[%clk 1:31:20]} c6
{[%clk 1:31:02]} 3. Nc3 {[%clk 1:31:44]} Nf6 {[%clk 1:31:19]} 4. Nf3
{[%clk 1:32:01]} e6 {[%clk 1:31:15]} 5. e3 {[%clk 1:32:19]} Nbd7 {[%clk 1:30:51]}
6. Bd3 {[%clk 1:32:27]} dxc4 {[%clk 1:29:32]} 7. Bxc4 {[%clk 1:32:53]} Bd6
{[%clk 1:29:33]} 8. O-O {[%clk 1:32:12]} O-O {[%clk 1:29:39]} 9. Qc2
{[%clk 1:29:54]} e5 {[%clk 1:25:03]} 10. Re1 {[%clk 1:11:46]} exd4
{[%clk 1:05:22]} 11. exd4 {[%clk 1:12:03]} Nb6 {[%clk 1:03:36]} 12. Bb3
{[%clk 1:10:12]} h6 {[%clk 1:00:30]} 13. Bxh6 {[%clk 0:48:03]} gxh6
{[%clk 0:55:25]} 14. Qg6+ {[%clk 0:48:21]} Kh8 {[%clk 0:55:49]} 15. Qxh6+
{[%clk 0:48:48]} Nh7 {[%clk 0:54:41]} 16. Ne4 {[%clk 0:49:14]} Be7
{[%clk 0:47:02]} 17. Nf6 {[%clk 0:49:25]} Bf5 {[%clk 0:44:33]} 18. Re5
{[%clk 0:49:43]} Bxf6 {[%clk 0:41:57]} 19. Rxf5 {[%clk 0:50:09]} Bg7
{[%clk 0:35:13]} 20. Qh5 {[%clk 0:45:42]} Qd6 {[%clk 0:24:35]} 21. Ng5
{[%clk 0:45:44]} Qh6 {[%clk 0:24:37]} 22. Nxf7+ {[%clk 0:46:02]} Rxf7
{[%clk 0:25:01]} 23. Bxf7 {[%clk 0:45:47]} Qxh5 {[%clk 0:13:33]} 24. Rxh5
{[%clk 0:45:45]} Nd7 {[%clk 0:10:20]} 25. Re1 {[%clk 0:34:08]} Ndf6
{[%clk 0:06:11]} 26. Rh3 {[%clk 0:29:42]} Bf8 {[%clk 0:04:59]} 27. Rb3
{[%clk 0:29:11]} b6 {[%clk 0:04:28]} 28. Bg6 {[%clk 0:27:34]} Rd8
{[%clk 0:04:11]} 29. g3 {[%clk 0:25:06]} Rxd4 {[%clk 0:03:19]} 30. Re6
{[%clk 0:25:29]} c5 {[%clk 0:02:29]} 31. Rd3 {[%clk 0:24:08]} Kg7
{[%clk 0:02:01]} 32. Bxh7 {[%clk 0:23:38]} Nxh7 {[%clk 0:02:29]} 33. Rxd4
{[%clk 0:24:01]} cxd4 {[%clk 0:02:57]} 34. Kf1 {[%clk 0:21:44]} Ng5
{[%clk 0:02:53]} 35. Rc6 {[%clk 0:21:54]} Nf3 {[%clk 0:01:41]} 36. Ke2
{[%clk 0:16:44]} Nxh2 {[%clk 0:01:15]} 37. Rc7+ {[%clk 0:09:43]} Kf6
{[%clk 0:01:41]} 38. Rd7 {[%clk 0:10:09]} Ke5 {[%clk 0:01:00]} 39. Rf7
{[%clk 0:10:12]} Bc5 {[%clk 0:00:34]} 40. Rf4 {[%clk 0:40:16]} a5
{[%clk 0:30:36]} 41. Rh4 {[%clk 0:36:06]} d3+ {[%clk 0:29:39]} 42. Kxd3
{[%clk 0:36:32]} Nf3 {[%clk 0:30:04]} 43. Rf4 {[%clk 0:36:54]} Ng5
{[%clk 0:27:28]} 44. Rg4 {[%clk 0:23:57]} Nh3 {[%clk 0:05:42]} 45. f4+
{[%clk 0:24:04]} Kf5 {[%clk 0:04:21]} 46. Rg8 {[%clk 0:21:14]} Nf2+
{[%clk 0:04:49]} 47. Ke2 {[%clk 0:21:27]} Ne4 {[%clk 0:05:06]} 48. a3
{[%clk 0:21:22]} a4 {[%clk 0:02:23]} 49. Kd3 {[%clk 0:20:57]} Nf2+
{[%clk 0:02:18]} 50. Kc4 {[%clk 0:20:29]} Nd1 {[%clk 0:01:49]} 51. Rg5+
{[%clk 0:19:36]} Kf6 {[%clk 0:01:18]} 52. b4 {[%clk 0:19:45]} axb3
{[%clk 0:01:41]} 53. Kxb3 {[%clk 0:20:13]} Nf2 {[%clk 0:01:36]} 54. Rd5
{[%clk 0:17:15]} Be3 {[%clk 0:01:14]} 55. Kc4 {[%clk 0:16:38]} Nh1
{[%clk 0:00:48]} 56. g4 {[%clk 0:16:32]} Nf2 {[%clk 0:01:09]} 57. g5+
{[%clk 0:14:14]} Kg7 {[%clk 0:01:17]} 58. Rd7+ {[%clk 0:07:06]} Kg8
{[%clk 0:01:23]} 59. Rd6 {[%clk 0:06:09]} Bxf4 {[%clk 0:01:19]} 60. Rxb6
{[%clk 0:06:37]} Ne4 {[%clk 0:00:38]} 61. a4 {[%clk 0:05:44]} Bc7
{[%clk 0:00:38]} 62. Re6 {[%clk 0:05:40]} Ng3 63. Rc6 {[%clk 0:05:36]} Ba5
{[%clk 0:00:51]} 64. Ra6 {[%clk 0:04:23]} Be1 {[%clk 0:00:52]} 65. Re6
{[%clk 0:03:58]} Bd2 {[%clk 0:00:56]} 66. Kd3 {[%clk 0:04:23]} Bb4
{[%clk 0:00:55]} 67. Re3 {[%clk 0:03:37]} Nh5 {[%clk 0:00:45]} 68. Re4
{[%clk 0:03:32]} Ba5 {[%clk 0:00:53]} 69. Re5 {[%clk 0:03:51]} Bb4
{[%clk 0:01:04]} 70. a5 {[%clk 0:03:58]} Nf4+ {[%clk 0:00:41]} 71. Ke4
{[%clk 0:04:12]} 1-0

[Event "V. Dvorkovich Cup 2015 juniors"]
[Site "Moscow"]
[Date "2015.06.25"]
[Round "3.2"]
[White "Tutisani GEO, Noe"]
[Black "Antipov Dv.PRL, Mikhail Al."]
[Result "1/2-1/2"]
[LiveChessVersion "1.4.4"]
[BlackElo "2523"]
[WhiteElo "2300"]

1. e4 {[%clk 1:30:54]} g6 {[%clk 1:30:55]} 2. d4 {[%clk 1:30:58]} Bg7
{[%clk 1:31:19]} 3. Nc3 {[%clk 1:31:21]} a6 {[%clk 1:31:43]} 4. a4
{[%clk 1:31:03]} d6 {[%clk 1:32:05]} 5. Nf3 {[%clk 1:31:22]} Bg4 {[%clk 1:30:56]}
6. Be2 {[%clk 1:31:24]} Nd7 {[%clk 1:23:01]} 7. O-O {[%clk 1:25:59]} c5
{[%clk 1:19:17]} 8. Be3 {[%clk 1:25:20]} Bxf3 {[%clk 1:10:50]} 9. Bxf3
{[%clk 1:25:41]} cxd4 {[%clk 1:11:17]} 10. Bxd4 {[%clk 1:26:07]} Bxd4
{[%clk 1:11:39]} 11. Qxd4 {[%clk 1:26:33]} Ngf6 {[%clk 1:12:04]} 12. Nd5
{[%clk 1:26:10]} e5 {[%clk 1:09:20]} 13. Qd2 {[%clk 1:11:59]} Nxd5
{[%clk 1:02:08]} 14. Qxd5 {[%clk 1:12:21]} Qb6 {[%clk 1:01:33]} 15. Rfd1
{[%clk 0:58:13]} Ke7 {[%clk 0:58:43]} 16. Ra3 {[%clk 0:54:58]} Nc5
{[%clk 0:53:56]} 17. Rc3 {[%clk 0:52:07]} Rad8 {[%clk 0:40:30]} 18. b3
{[%clk 0:48:27]} a5 {[%clk 0:40:30]} 19. Rc4 {[%clk 0:41:03]} h5 {[%clk 0:34:08]}
20. c3 {[%clk 0:31:43]} Rc8 {[%clk 0:24:13]} 21. b4 {[%clk 0:31:07]} axb4
{[%clk 0:24:16]} 22. Rxb4 {[%clk 0:22:47]} Qc6 {[%clk 0:24:31]} 23. Qd2
{[%clk 0:23:07]} Rhd8 {[%clk 0:18:19]} 24. a5 {[%clk 0:21:50]} Ne6
{[%clk 0:15:36]} 25. Rb6 {[%clk 0:18:45]} Qxc3 {[%clk 0:14:42]} 26. Rxb7+
{[%clk 0:19:09]} Kf6 {[%clk 0:15:07]} 27. h4 {[%clk 0:12:42]} Qxd2
{[%clk 0:12:21]} 28. Rxd2 {[%clk 0:13:03]} Rc1+ {[%clk 0:12:17]} 29. Kh2
{[%clk 0:13:27]} Ra1 {[%clk 0:11:47]} 30. Ra7 {[%clk 0:13:14]} Nd4
{[%clk 0:09:38]} 31. Ra6 {[%clk 0:11:44]} Ke6 {[%clk 0:05:49]} 32. Rb2
{[%clk 0:10:36]} Rc8 {[%clk 0:05:07]} 33. Rbb6 {[%clk 0:07:21]} Rcc1
{[%clk 0:05:09]} 34. Rxd6+ {[%clk 0:07:28]} Ke7 {[%clk 0:05:35]} 35. Rd5
{[%clk 0:07:04]} Nxf3+ {[%clk 0:05:29]} 36. Kg3 {[%clk 0:07:04]} Nd4
{[%clk 0:05:34]} 37. Rxe5+ {[%clk 0:05:36]} Ne6 {[%clk 0:05:55]} 38. f4
{[%clk 0:03:47]} Rc3+ {[%clk 0:06:14]} 39. Kh2 {[%clk 0:04:01]} Re3
{[%clk 0:04:28]} 40. f5 {[%clk 0:32:16]} gxf5 {[%clk 0:34:39]} 41. Rxf5
{[%clk 0:32:26]} Nd4 {[%clk 0:28:53]} 42. Ra7+ {[%clk 0:24:34]} Ke6
{[%clk 0:29:10]} 43. Ra6+ {[%clk 0:24:59]} Ke7 {[%clk 0:29:25]} 44. Ra7+
{[%clk 0:25:28]} Ke6 {[%clk 0:28:17]} 45. e5 1/2-1/2